=LDR 00000nam 2200000 4500 =001 INLIS000000000809565 =005 20250816101004 =035 ##$$a 0010-0825000058 =100 ##$$a Khalid, Muhammad Khalid$e Pengarang =245 1#$$a Biografi Khalifah Rasulullah : $b Abu Bakar, Umar, Utsman, Ali, Umar bin Abdul Aziz /$c Khalid Muhammad Khalid ; alih bahasa, Tim Penerjemah Ummul Qura ; Editor, Tim Editor Ummul Qura =250 ##$$a Cetakan I =264 ##$$a Jakarta : :$b Ummul Qura,,$c 2014 =300 ##$$a 752 halaman ; $c 24 cm =336 ##$$a teks$2 rdacontent =337 ##$$a tanpa perantara$2 rdamedia =338 ##$$a volume$2 rdacarrier =500 ##$$a Judul asli : Khulafaur Rasul =500 ##$$a Text dalam bahasa Indonesia diterjemahkan dari bahasa Arab =500 ##$$a Bonus passport khalifah Rasulullah =740 ##$$a Khulafaur Rasul =850 ##$$a JKPNPNA =990 ##$$a 11621/DM/D/2014 =006 a f 000 0 =007 ta =008 250816###########################0#ind## =020 ##$$a 978-602-7637-17-7 =040 ##$$a JKPNPNA $b ind $e rda =041 1#$$a Ind $h Ara =082 ##$$a 297.92 =084 ##$$a 297.92 KHA b =090 ##$$a CB-D.09 2014-11621